000 00815nam a2200217Ia 4500
003 IN-BaIIA
008 211028s9999 xx 000 0 eng d
020 _a92-9092-744-5
040 _cIIA Library
080 _a52(091)(082.2)
_bTHE
111 _aInternational Symposium on the History of the European Space Agency
_cLondon, U. K.
_d1998 Nov. 11-13
_925538
245 4 _aThe History of the european space agency
_bproceedings of an international symposium held in London, U. K., November 11-13, 1998
_cedited by R. A. Harris
260 _aNetherlands
_bEuropean Space Agency
_c1999
300 _a252p.
490 _aSP-436
650 _aEuropean space agency
_925539
650 _aScience programme
_925540
650 _aSpace transportation system
_925541
700 _aHarris, R. A., ed.
_925542
942 _cBK
999 _c14404
_d14404